Central Library OPAC University of Rajshahi

Discrete mathematics with graph theory / (Record no. 50644)

MARC details
000 -LEADER
fixed length control field 00747nam a2200253 a 4500
001 - CONTROL NUMBER
control field 50644
003 - CONTROL NUMBER IDENTIFIER
rucl marc code BD-RjUL
005 - DATE AND TIME OF LATEST TRANSACTION
control field 20211209075536.0
008 - FIXED-LENGTH DATA ELEMENTS--GENERAL INFORMATION
fixed length control field 160828s2003 ii ||||| |||| 00| 0 eng d
020 ## - INTERNATIONAL STANDARD BOOK NUMBER
International Standard Book Number 8120321219
035 ## - SYSTEM CONTROL NUMBER
System control number (BD-RjUL)50764
040 ## - CATALOGING SOURCE
Original cataloging agency BD-RjUL
Language of cataloging eng
Transcribing agency BD-RjUL
041 ## - LANGUAGE CODE
Language code of text/sound track or separate title eng
082 ## - DEWEY DECIMAL CLASSIFICATION NUMBER
Edition number 23
Classification number 510
Author mark and year GOD 2003
100 ## - MAIN ENTRY--PERSONAL NAME
Personal name Goodaire, Edgar G.
9 (RLIN) 151646
245 10 - TITLE STATEMENT
Title Discrete mathematics with graph theory /
Statement of responsibility, etc. Edgar G. Goodaire, Michael M. Parmenter.
250 ## - EDITION STATEMENT
Edition statement 2nd ed.
260 ## - PUBLICATION, DISTRIBUTION, ETC. (IMPRINT)
Place of publication, distribution, etc. New Delhi :
Name of publisher, distributor, etc. Prentice Hall,
Date of publication, distribution, etc. c2002 [Reprinted 2003]
300 ## - PHYSICAL DESCRIPTION
Pagination Various pagins. ;
Illustrations ill. ;
Size 24 cm.
500 ## - GENERAL NOTE
General note Includes index.
650 ## - SUBJECT ADDED ENTRY--TOPICAL TERM
Topical term or geographic name as entry element Mathematics
9 (RLIN) 151647
700 ## - ADDED ENTRY--PERSONAL NAME
Personal name Parmenter, Michael M.
942 ## - ADDED ENTRY ELEMENTS (KOHA)
Source of classification or shelving scheme Dewey Decimal Classification
Koha item type Books
Holdings
Lost status Source of classification or shelving scheme Damaged status Not for loan Collection code Permanent Location Current Location Shelving location Date acquired Source of acquisition Cost, normal purchase price Total Checkouts Full call number Date last seen Copy number Koha item type
  Dewey Decimal Classification     Non-fiction Central Library, University of Rajshahi Central Library, University of Rajshahi   09/06/2008 Paragon Enterprise Book corporarion 295.00   510 GOD 2003 28/08/2016 C-2 Books
  Dewey Decimal Classification     Non-fiction Central Library, University of Rajshahi Central Library, University of Rajshahi   10/02/2008 Dhaka,Paragon Enterprise Lit., 295.00   510 GOD 2002 07/11/2016 C-3 Books
  Dewey Decimal Classification   Not For Loan Non-fiction Central Library, University of Rajshahi Central Library, University of Rajshahi Reading Room 10/02/2008 Dhaka, paragon Enterprises Ltd. 295.00   510 GOD 2003 20/03/2017 C-1 Books
  Dewey Decimal Classification     Non-fiction Central Library, University of Rajshahi Central Library, University of Rajshahi   10/10/2005 Dhaka, Paragon Enterprises Ltd. 295.00   510 GOD 2002 29/03/2017 C-4 Books